| 000 | 00387nam a2200145Ia 4500 | ||
|---|---|---|---|
| 008 | 210716s1992 xx 000 0 und d | ||
| 041 | _aeng | ||
| 082 | _a005.301 STUR | ||
| 100 | _aStultz, Russell A. | ||
| 245 | _aLearn lotus in a day: for users of lotus 1-2-3 2.0 through 2.3. | ||
| 250 | _a1 | ||
| 260 |
_aNew Delhi _bBPB Publications _c1992 |
||
| 300 | _aiii,121 | ||
| 650 | _aNone | ||
| 999 |
_c183284 _d183284 |
||